书目信息 |
| 题名: |
荀子
|
|
| 作者: | ;和兴文化 编 | |
| 分册: | ||
| 出版信息: | 南京 江苏凤凰美术出版社 2018 |
|
| 页数: | 218页 | |
| 开本: | 22cm | |
| 丛书名: | 全民阅读 | |
| 单 册: | ||
| 中图分类: | B222.64 | |
| 科图分类: | ||
| 主题词: | 儒家 | |
| 电子资源: | ||
| ISBN: | 978-7-5580-2017-9 | |
| 000 | 00941oam2 2200289 450 | |
| 001 | 012001010792 | |
| 005 | 20131104085645.0 | |
| 010 | @a978-7-5580-2017-9@dCNY29.90 | |
| 100 | @a20190612d2018 em y0chiy50 ea | |
| 101 | 0 | @achi |
| 102 | @aCN@b320000 | |
| 105 | @aa z 000yy | |
| 106 | @ar | |
| 200 | 1 | @a荀子@Axun zi@f和兴文化编 |
| 210 | @a南京@c江苏凤凰美术出版社@d2018 | |
| 215 | @a218页@c图@d22cm | |
| 225 | 2 | @a全民阅读 |
| 225 | 2 | @a品读国学精粹 |
| 330 | @a《荀子》是战国末年著名唯物主义思想家荀况的著作。《荀子》一书为战国末期赵人荀况及其弟子所著。该书旨在总结当时学术界的百家争鸣的学术思想,反映了朴素唯物主义自然观、认识论思想以及荀况的伦理、政治和经济思想。 | |
| 410 | 0 | @12001 @a全民阅读 |
| 410 | 0 | @12001 @a品读国学精粹 |
| 605 | @a《荀子》@x译文 | |
| 606 | 0 | @a儒家 |
| 690 | @aB222.64@v5 | |
| 711 | 02 | @a和兴文化@AHe Xing Wen Hua@4编 |
| 801 | 0 | @aCN@b上海新华@c20191020 |
| 905 | @b1182460-3@dB222.64@e942@f4 | |
| 荀子/和兴文化编.-南京:江苏凤凰美术出版社,2018 |
| 218页:图;22cm.-(全民阅读).-(品读国学精粹) |
| ISBN 978-7-5580-2017-9:CNY29.90 |
| 《荀子》是战国末年著名唯物主义思想家荀况的著作。《荀子》一书为战国末期赵人荀况及其弟子所著。该书旨在总结当时学术界的百家争鸣的学术思想,反映了朴素唯物主义自然观、认识论思想以及荀况的伦理、政治和经济思想。 |
| ● |
| 相关链接 |
|
|
|
|
正题名:荀子
索取号:B222.64/942
 
预约/预借
| 序号 | 登录号 | 条形码 | 馆藏地/架位号 | 状态 | 备注 |
| 1 | 1182460 | 211824604 | 第一样本阅览室/ [索取号:B222.64/942] | 在馆 | |
| 2 | 1182461 | 211824613 | 第一借阅区/ [索取号:B222.64/942] | 在馆 | |
| 3 | 1182462 | 211824622 | 第一借阅区/ [索取号:B222.64/942] | 在馆 | |
| 4 | 1182463 | 211824631 | 第一借阅区/ [索取号:B222.64/942] | 在馆 |